00457 2200181 4500001002100000008004100021035002000062245007100082100001600153250000600169260002900175300001200204084001400216082000800230650001300238990001200251990001200263INLIS000000000000780 ind  a0010-0524000015 aSukses dan Mandiri Belajar Matematika SMA / MA Kelas XcAbdul Azis aAzis, Abdul a1 aYogyakarta :bAndic2013 a150 hlm a510 ABD m a510 aNonFiksi a0740409 a0740410